Countries that Border Poland - Sudden Death - Statistics

General Stats
  • This quiz has been taken 257 times
  • The average score is 5 of 7
Answers on the Grid
Answers color-coded by a green-red scale on the quiz's grid according to % correct below.
Germany
Austria
Czech Republic
Slovakia
Ukraine
Belarus
Russia
Sweden
Lithuania
Latvia
Estonia
Finland
Netherlands
Hungary
Romania
Serbia
 
Answer Stats
Answer % Correct
Germany
79%
Russia
70%
Czech Republic
67%
Ukraine
64%
Belarus
61%
Lithuania
59%
Slovakia
58%
No matching quizzes found
Score Distribution
Percent of People with Each Score
Percentile by Number Answered
Your Score History
You have not taken this quiz